Statistics for Video Game Character Arch-Enemy

Click here to take the quiz!

General Stats

  • This quiz has been taken 752 times
    (467 since last reset)
  • The average score is 2 of 7

Answer Stats

HeroVillan% Correct
MarioBowser
91%
SonicEggman
65%
Pac-ManBlinky
18%
Luke SkywalkerDarth Vader
15%
Angry BirdsPigs
9%
Harry PotterVoldemort
7%
MickeyBlot
1%

Score Distribution

Percentile by Number Answered

Percent of People with Each Score

Your Score History

You have not taken this quiz since the last reset